Medical chemistry / (Record no. 146223)
[ view plain ]
| 000 -LEADER | |
|---|---|
| fixed length control field | 00920nam a22002297a 4500 |
| 005 - DATE AND TIME OF LATEST TRANSACTION | |
| control field | 20240301162528.0 |
| 010 ## - LCCN (DPL NO) | |
| LC control number | 1718EN-30 ENG-139414 |
| 020 ## - INTERNATIONAL STANDARD BOOK NUMBER | |
| International Standard Book Number | 9789381162521 |
| Terms of availability | 495.00 |
| 035 ## - SYSTEM CONTROL NUMBER | |
| System control number | B-686896-903 EN-122946 |
| 037 ## - SOURCE OF ACQUISITION | |
| Source of stock number/acquisition | Ane Books |
| Stock number | dpl |
| 082 ## - DEWEY DECIMAL CLASSIFICATION NUMBER | |
| Classification number | 615.19 |
| 100 ## - MAIN ENTRY--PERSONAL NAME | |
| Personal name | Ahluwalia, V.K. |
| 245 ## - TITLE STATEMENT | |
| Title | Medical chemistry / |
| Statement of responsibility, etc | by V.K. Ahluwalia [and] Madhu Chopra |
| 250 ## - EDITION STATEMENT | |
| Edition statement | 2nd ed |
| 260 ## - PUBLICATION, DISTRIBUTION, ETC. (IMPRINT) | |
| Place of publication, distribution, etc | New Delhi |
| Name of publisher, distributor, etc | Ane Books |
| Date of publication, distribution, etc | 2017 |
| 270 ## - ADDRESS | |
| Address | 4821, Parwana Bhawan, Ist Floor, 24 Ansari Road, Daryaganj, |
| City | New Delhi |
| Postal code | 110002 |
| 300 ## - PHYSICAL DESCRIPTION | |
| Extent | xxi,410p. |
| Dimensions | 23cm(pbk) |
| 500 ## - GENERAL NOTE | |
| General note | Includes index |
| 700 ## - ADDED ENTRY--PERSONAL NAME | |
| Personal name | Chopra, Madhu |
| 9 (RLIN) | 62379 |
| 942 ## - ADDED ENTRY ELEMENTS (KOHA) | |
| Source of classification or shelving scheme | Dewey Decimal Classification |
| Item type | English Books |
| Classification part | 615.19 |
| Call number suffix | AHL |
| Withdrawn status | Lost status | Not for loan | Collection code | Home library | Current library | Date acquired | Source of acquisition | Cost, normal purchase price | Full call number | Barcode | Copy number | Cost, replacement price | Koha item type |
|---|---|---|---|---|---|---|---|---|---|---|---|---|---|
| Non-fiction | Ashok Vihar | Ashok Vihar | 01/02/2018 | Ane/ABPL/17-18/2149/29.11.17/BPPD/EN/17-18/635/21.11.2017/ 6.1.2018 | 495.00 | 615.19 AHL | B-686898 | 1 | 495.00 | English Books | |||
| Non-fiction | Bawana | Bawana | 01/02/2018 | Ane/ABPL/17-18/2149/29.11.17/BPPD/EN/17-18/635/21.11.2017/ 6.1.2018 | 495.00 | 615.19 AHL | B-686901 | 1 | 495.00 | English Books | |||
| Non-fiction | Central Library | Central Library | 01/02/2018 | Ane/ABPL/17-18/2149/29.11.17/BPPD/EN/17-18/635/21.11.2017/ 6.1.2018 | 495.00 | 615.19 AHL | B-686896 | 1 | 495.00 | English Books | |||
| Non-fiction | Janak Puri | Janak Puri | 01/02/2018 | Ane/ABPL/17-18/2149/29.11.17/BPPD/EN/17-18/635/21.11.2017/ 6.1.2018 | 495.00 | 615.19 AHL | B-686900 | 1 | 495.00 | English Books | |||
| Non-fiction | New Police Line | New Police Line | 01/02/2018 | Ane/ABPL/17-18/2149/29.11.17/BPPD/EN/17-18/635/21.11.2017/ 6.1.2018 | 495.00 | 615.19 AHL | B-686897 | 1 | 495.00 | English Books | |||
| Non-fiction | Patel Nagar | Patel Nagar | 01/02/2018 | Ane/ABPL/17-18/2149/29.11.17/BPPD/EN/17-18/635/21.11.2017/ 6.1.2018 | 495.00 | 615.19 AHL | B-686899 | 1 | 495.00 | English Books | |||
| Non-fiction | Shahdara Branch | Shahdara Branch | 01/02/2018 | Ane/ABPL/17-18/2149/29.11.17/BPPD/EN/17-18/635/21.11.2017/ 6.1.2018 | 495.00 | 615.19 AHL | B-686902 | 1 | 495.00 | English Books | |||
| Non-fiction | Tri Nagar | Tri Nagar | 22/02/2024 | 495.00 | 615.19 AHL | EN-122946 | 1 | 495.00 | English Books | ||||
| Non-fiction | Vigyan Vihar | Vigyan Vihar | 01/02/2018 | Ane/ABPL/17-18/2149/29.11.17/BPPD/EN/17-18/635/21.11.2017/ 6.1.2018 | 495.00 | 615.19 AHL | B-686903 | 1 | 495.00 | English Books |
